Evaluación de los programas sociales 1989-1991
-д хадгалсан:
| Байгууллагын зохиогч: | |
|---|---|
| Формат: | Ном |
| Хэл сонгох: | испани |
| Хэвлэсэн: |
Santiago
Instituto Libertad y Desarrollo
1992
|
| Цуврал: | Opinión Social, 13
|
| Нөхцлүүд: | |
| Шошгууд: |
Шошго нэмэх
Шошго байхгүй, Энэхүү баримтыг шошголох эхний хүн болох!
|
MARC
| LEADER | 00000nam a2200000 a 4500 | ||
|---|---|---|---|
| 001 | UCS4668 | ||
| 003 | CL-VaPUC | ||
| 008 | 970808e19920000CL |||||||||||||||||spa|d | ||
| 082 | 0 | 4 | |a 301 |b INS |2 21 |
| 110 | 2 | |a Instituto Libertad y Desarrollo |e author |9 390570 | |
| 245 | 1 | 0 | |a Evaluación de los programas sociales 1989-1991 |
| 300 | |a 41 p | ||
| 942 | |c BK | ||
| 945 | |d 19970808 00:00:00 |a amoreno | ||
| 260 | |a Santiago |b Instituto Libertad y Desarrollo |c 1992 | ||
| 650 | 7 | |a PROGRAMAS SOCIALES |2 CL-VaPUC |9 324718 | |
| 650 | 0 | |a Docentes |9 311365 | |
| 650 | 0 | |a Bibliotecas |9 334508 | |
| 650 | 0 | |a Salud |9 258663 | |
| 650 | 0 | |a Educación básica |9 224933 | |
| 650 | 7 | |a PROGRAMA MECE |2 CL-VaPUC |9 345112 | |
| 650 | 7 | |a SUBSIDIO FAMILIAR |2 CL-VaPUC |9 390571 | |
| 650 | 0 | |a Alimentación |9 334197 | |
| 583 | |a last modification |c 19970808 00:00:00 |k Rodrigo Vera | ||
| 490 | 0 | |a Opinión Social, 13 | |
| 999 | |c 261600 |d 261598 | ||
| 952 | |0 0 |1 0 |4 0 |6 301_000000000000000_INS_1992 |7 0 |8 P |9 289204 |a BIBGIM |b BIBGIM |d 2019-11-19 |i 3326926 |o 301 INS 1992 |p 3326926 |r 2025-01-15 |w 2019-11-19 |y BK |k GIM | ||